00543nam a22001577a 4500020001800000040000900018082001700027100002000044245006900064250001800133260004000151650002800191942001400219999001900233952013300252 a9780470646137 cNUST a510.2462 KRE aKreyszig, Erwin aAdvanced Engineering Mathematics:bInternational Student Version aTenth Edition aHoboken:bJohn Wiley & Sons, c2011 aEngineering Mathematics 2ddccTEXT c595352d595352 00102ddc4070aCEMEbCEMEcTEXTd2023-08-02l1o510.2462 KREpCEME-50928q2026-02-19r2026-01-20s2026-01-20w2023-08-02yTEXT